01244nam a2200289 a 450000100100000000500170001000800410002702000180006804000250008608200180011110000240012924500550015326000350020830000270024350000520027065000330032265000280035565000330038365000430041665000410045971000590050004900090055995201310056895201160069995201220081599900170093700001219820200929162735.0091106s2006 dr a 000 0 spa d a9789993459064 aDO-SdBNPbspacBNPHU a635.65bC389g1 aCedano, Juan92882010aGuía técnica cultivo de guandul /cJuan Cedan. aSanto Domingo :bCEDAF,c2006. a82 p. :bil. ;c28 cm. aIncluye referencias bibliográficas (p. 69-82) 4aLegumbresxVariedades928821 4aGuandulxCultivo928822 4aGuandulxProducción928823 4aFrijolesxEnfermedades y plagas928824 4aGuandulxIndustria y comercio9288252 aCentro para el Desarrollo Agropecuario y Forestal9519 aBNPD 001052708DSaGRbGRcHDd2013-07-23iLF1l0o635.65 C389gp12198-40r2020-06-25te. 3w2020-06-25yLFDSZPréstamo interno 0010718PDaPDbPDcHDd2009-11-06iLF1l0o635.65 C389gp12198-10r2020-06-25w2020-06-25yLFPDZNo se presta 0010718PDaPDbPDcHDd2009-11-06iLF1l0o635.65 C389gp12198-20r2020-06-25te. 2w2020-06-25yLFPDZNo se presta c11863d11863